| 000 | 01155nam a22003257a 4500 | ||
|---|---|---|---|
| 003 | EG-ScBUE | ||
| 005 | 20220524104923.0 | ||
| 008 | 090709r20101996enkab f 000 0 eng d | ||
| 020 | _a9780194355292 | ||
| 040 |
_aEG-ScBUE _beng _erda _cEG-ScBUE _dEG-ScBUE |
||
| 082 | 0 | 4 |
_222 _a428.24 _bOXE |
| 100 |
_aOxenden, Clive, _eauthor. _97943 |
||
| 245 | 1 | 0 |
_aEnglish file. _n1, _pWorkbook / _cClive Oxenden, Paul Seligson with Mark Foley. |
| 246 | 3 | 0 | _aWorkbook |
| 250 | _aReprinted edition. | ||
| 264 | 1 |
_aOxford : _bOxford University Press, _c2010. |
|
| 300 |
_a87 pages : _billustrations, maps ; _c28 cm |
||
| 336 |
_2rdacontent _atext _btxt |
||
| 337 |
_2rdamedia _aunmediated _bn |
||
| 338 |
_2rdacarrier _avolume _bnc |
||
| 650 | 7 |
_95501 _aEnglish language _xGrammar. _2BUEsh |
|
| 650 | 7 |
_93027 _aEnglish language _vTextbooks for foreign speakers _2BUEsh |
|
| 650 | 7 |
_934 _aEnglish language _xStudy and teaching _xForeign speakers _vTextbooks for foreign speakers. _2BUEsh |
|
| 651 | _2BUEsh | ||
| 653 | _bHHUUEENN | ||
| 655 |
_vReading book _934232 |
||
| 700 | 1 |
_aSeligson, Paul, _eauthor. _97944 |
|
| 700 | 1 |
_aFoley, Mark, _eauthor. _97945 |
|
| 942 |
_2ddc _cBB |
||
| 999 |
_c12320 _d12320 |
||